000 00554nam a22001817a 4500
003 BD-DhJNU
005 20250312071402.0
008 250312b |||||||| |||| 00| 0 eng d
040 _aBD-DhJNU
_bENG
_cBD-DhJNU
_dBD-DhJNU
082 _223
_a658.3
245 _aStudies in personnel and industrial psychology /
_cEdited by Edwin A. Fleishman
260 _aIllinois :
_bThe Dorsey Press,
_c1967.
300 _axiv, 821 p. :
_bill. ;
_c23 cm.
504 _aincludes index
650 _aPsychology
700 _aEdwin A. Fleishman
_eEditor
942 _2ddc
_cBK
_n0
999 _c1475
_d1475